| 000 | 00564cam a22002177a 4500 | ||
|---|---|---|---|
| 001 | 000963 | ||
| 003 | armpunfd | ||
| 005 | 20140612090625.0 | ||
| 008 | 011019e1951####xx#a##########000#0#und#d | ||
| 040 |
_aarmpunfd _carmpunfd |
||
| 080 | _a347.736 SA 83 | ||
| 100 | 1 | 0 | _a Jodl, Carlos |
| 245 | 1 | 0 | _aInstituciones del derecho de quiebra |
| 260 |
_a Buenos Aires _b Ejea _c1951 |
||
| 300 | _a682p. | ||
| 650 | 7 |
_a Institucines De Quiebra _2LEMB |
|
| 650 | 7 |
_a Quiebra _2LEMB |
|
| 700 | 1 | 0 | _aSatta, Salvatore |
| 942 |
_cLB _2cdu |
||
| 945 |
_aCatalis _d2010-08-19 |
||
| 999 |
_c954 _d231458 |
||